| 000 | 00816nas a2200277Ia 4500 | ||
|---|---|---|---|
| 001 | dd17-2441 [d000002569] | ||
| 003 | IT-MiCISF | ||
| 008 | 161014c99999999xx |||||||||||| ||und|| | ||
| 040 |
_aIT-MiCISF _cIT-MiCISF |
||
| 041 | _aFRANCESE | ||
| 100 | _aRoussel Louis | ||
| 210 | _aSociologie des populations | ||
| 222 | _aSociologie des populations | ||
| 240 | _aFécondité et famille | ||
| 245 | 0 | _aFécondité et famille | |
| 250 | _a1a ed. | ||
| 260 | _c1995 | ||
| 501 |
_bCISF - Centro Internazionale Studi Famiglia - Via Giotto, 36 20145 MILANO (non commercial uses only) _cCopyright 2016 |
||
| 300 | _app. 139-154 | ||
| 362 | _a [1995] | ||
| 500 | _a Tema: famiglia, società, fecondità | ||
| 650 |
_aFAMIGLIA _varticolo |
||
| 700 | _aAA.VV. | ||
| 942 | _cCR | ||
| 957 | _71 | ||
| 999 |
_a2441 _bSi _g1 _c218321 _d218321 |
||